Słowa kończące się na -grafia - Statystyki

Ogólne statystyki
  • Ten quiz został rozwiązany 6 934 razy
  • Średni wynik to 9 z 18
Statystyki odpowiedzi
Definicja Słowo % Poprawnych
Inaczej zdjęcie {Foto}grafia
92%
Nauka o Ziemi, większość quizów na tej stronie jest jej poświęcona {Geo}grafia
92%
Opis życia danej osoby {Bio}grafia
90%
Materiały o charakterze seksualnym {Porno}grafia
85%
Sztuka ładnego pisania {Kali}grafia
78%
Opis życia danej osoby stworzony przez nią samą {Autobio}grafia
74%
Opracowywanie układów tanecznych {Choreo}grafia
60%
Sztuka tworzenia map {Karto}grafia
60%
Radiologiczna metoda badania piersi u kobiet {Mammo}grafia
53%
Dziedzina zajmująca się produkcją filmów {Kinemato}grafia
48%
Uporządkowany zbiór książek, artykułów, czasopism, itp. {Biblio}grafia
45%
Zbiór utworów nagranych przez danego artystę lub zespół muzyczny {Dysko}grafia
44%
Dziedzina nauki zajmująca się społecznością ludzką (np. przyrostem naturalnym) {Demo}grafia
40%
Nauka o kodowaniu informacji {Krypto}grafia
15%
Opis życia świętych {Hagio}grafia
14%
Nauka badająca rzeźbę terenu {Topo}grafia
14%
Sposób szybkiego pisania tekstu mówionego {Steno}grafia
9%
Technika druku wypukłego, także: układ graficzny tekstu {Typo}grafia
5%
Nie znaleziono quizów pasujących do podanych kryteriów
Rozkład punktacji
Procent ludzi z każdym wynikiem
Percentyl według liczby udzielonych odpowiedzi
Twoja historia wyników
Nie rozwiązałeś tego quizu